000 00659nam a22002057a 4500
999 _c182102
_d182102
005 20220113143412.0
010 _aENG-130060
020 _a978-81-954010-3-1
_c400.00
035 _aEN-113592
037 _bDBAD/PUB
082 _a381
_22021
100 _aMisra Rajeev,Nigam Bhawana
245 _aA Reference Book on Commerce and Management:
_cby Rajeev Misra , Bhawana Nigam
250 _a2021
260 _bSocial Research Foundation
_c2021
_aKanpur
270 _a128/170 ,H - Block , kidwai Nagar
_e11
_bKanpur
_k9335332333
300 _a116p
_c22cm (hbk)
700 _aBy Rajeev Misra, Bhawana Nigam
942 _2ddc
_cEN
_h381
_mMIS